000 00451cam a2200181ua 4500
041 _aeng
_h
082 _a025.435
_bRAN/CO
100 _aRanganathan , S R .
245 _aColon classification /
_cS R Ranganathan.
_hTextual Documents
250 _a6 /
_b.
260 _aIndia :
_bAsia Publishing House ,
_c1963.
300 _a461 ; .
504 _a
650 _aClassification
650 _aLibrary Science
942 _cBK
999 _c118
_d118